000 00468nam a2200169Ia 4500
003 GCL
008 140319s9999 xx 000 0 ara d
040 _aGCL /
_cGCL
082 0 4 _aد
_b050
100 1 _aمصطفى الشهابى
245 1 0 _aالجغرافيون العرب (اقرا 230) /
_cمصطفى الشهابى
300 _a118
490 _aاقرأ
_v0
650 0 4 _aالجغرافيون
650 0 4 _aالجغرافيون العرب
942 _2ddc
_cBK
999 _c48994
_d48994